Rihanna's VEVO Certified Music Videos - Statistics

General Stats
  • This quiz has been taken 221 times
    95 since last reset
  • The average score is 21 of 36
Answer Stats
Views Music Video % Correct
2.4B+ Diamonds
87%
123M+ Don’t Stop The Music / Only Girl (In The World) / We Found Love / Where Have You Been (Live at the 2016 MTV Video Music Awards)
86%
991M+ Only Girl (In The World)
86%
11B+ Umbrella (feat. Jay-Z)
85%
1.4B+ Work (feat. Drake)
85%
115M+ Work (Live at the BRIT Awards)
85%
1.1B+ We Found Love (feat. Calvin Harris)
79%
210M+ S&M
74%
707M+ Rude Boy
73%
270M+ Pon De Replay (Internet Version)
72%
1.1B+ Stay (feat. Mikky Ekko)
71%
762M+ Don't Stop The Music
68%
771M+ Where Have You Been?
68%
254M+ Disturbia
65%
153M+ SOS
65%
1.0B+ What's My Name? (feat. Drake)
65%
336M+ Needed Me
62%
1.0B+ Man Down
60%
497M+ Unfaithful
60%
173M+ Bitch Better Have My Money
59%
785M+ Take A Bow
58%
150M+ Shut Up And Drive
53%
285M+ You Da One
50%
524M+ Pour It Up
49%
253M+ Kiss It Better
47%
551M+ FourFiveSeconds (with Paul McCartney, Kanye West)
45%
342M+ California King Bed
44%
174M+ Hard (feat. Jeezy)
44%
296M+ Russian Roulette
44%
409M+ Hate That I Love You (feat. Ne-Yo)
42%
526M+ Rehab (feat. Justin Timberlake)
42%
162M+ If It's Lovin' That You Want
38%
192M+ Cheers (Drink To That)
37%
244M+ Te Amo
37%
291M+ What Now
37%
184M+ Lift Me Up
26%
No matching quizzes found
Score Distribution
Percent of People with Each Score
Percentile by Number Answered
Your Score History
You have not taken this quiz since the last reset